El paraíso

Uloženo v:
Podrobná bibliografie
Hlavní autor: Iommi Marini, Godofredo Tito (autor)
Médium: Kniha
Jazyk:španělština
Vydáno: Valparaíso Universidad Católica de Valparaíso, Escuela de Arquitectura 1976
Témata:
Tagy: Přidat tag
Žádné tagy, Buďte první, kdo vytvoří štítek k tomuto záznamu!

MARC

LEADER 00000nam a2200000 a 4500
001 UCV8791
003 CL-VaPUC
005 20221115175418.0
008 911213e19760000CL |||||||||||||||||spa|d
999 |c 214246  |d 214244 
040 |c Pontificia Universidad Católica de Valparaíso 
082 0 4 |a Ch861  |b IOM  |2 21 
100 |a Iommi Marini, Godofredo Tito  |e autor  |9 857986 
245 1 3 |a El paraíso 
260 |a Valparaíso  |b Universidad Católica de Valparaíso, Escuela de Arquitectura  |c 1976 
300 |a 121 p 
583 |a last modification  |c 19911213 00:00:00  |k Rodrigo Vera 
650 0 |a Poesías chilenas   |9 265280 
852 |a BIBCUR 
942 |c BK  |2 ddc 
945 |d 19911213 00:00:00 
952 |0 0  |1 0  |4 0  |6 CH_861_000000000000000_IOM_1976  |7 0  |8 A  |9 197429  |a BIBARQ  |b BIBARQ  |d 2019-11-14  |i 2650924  |o Ch861 IOM 1976  |p 2650924  |r 2025-01-20  |w 2019-11-14  |y BK  |k ARQ